Loading...
| Fine Arts - Classical Music | 1 | 10.00 | 100% | 0% | 0% |
| Fine Arts - Other | 3 | 10.00 | 100% | 0% | 0% |
| Fine Arts - Painting and Sculpture | 3 | 6.67 | 67% | 0% | 0% |
| Geography | 1 | 0.00 | 0% | 0% | 0% |
| History - American | 4 | 12.50 | 100% | 0% | 25% |
| History - European | 4 | 10.00 | 100% | 0% | 0% |
| History - Other | 2 | 10.00 | 50% | 50% | 0% |
| History - World | 2 | 5.00 | 50% | 0% | 0% |
| Literature - American | 1 | 0.00 | 0% | 0% | 0% |
| Literature - British | 2 | 0.00 | 0% | 0% | 0% |
| Literature - European | 5 | 6.00 | 60% | 0% | 0% |
| Literature - World | 4 | 0.00 | 0% | 0% | 0% |
| Mythology | 1 | 0.00 | 0% | 0% | 0% |
| Philosophy | 2 | 0.00 | 0% | 0% | 0% |
| Pop Culture | 1 | 20.00 | 100% | 0% | 100% |
| Religion | 5 | 8.00 | 60% | 20% | 0% |
| Science - Biology | 2 | 5.00 | 50% | 0% | 0% |
| Science - Chemistry | 1 | 10.00 | 100% | 0% | 0% |
| Science - Other | 1 | 20.00 | 100% | 100% | 0% |
| Science - Physics | 3 | 6.67 | 67% | 0% | 0% |